| 000 | 01317cam a22003857a 4500 | ||
|---|---|---|---|
| 003 | CHAP | ||
| 005 | 20220329142116.0 | ||
| 008 | 990601d1998 mx r 00110 eng d | ||
| 010 | _a78547 | ||
| 011 | _a79519 | ||
| 035 | _a89776 | ||
| 040 | _cCHAP | ||
| 090 | _aFolleto 15394 | ||
| 100 | 0 | 0 |
_aGollin, Douglas. _948594 |
| 245 | 1 | 0 |
_aOptimal search in Ex situ collections of wheat genetic resources _c/by Douglas Gollin, Melinda Smale and Bent Skovmand |
| 260 |
_aMéxico, D.F. : _bCentro Internacional de Mejoramiento de Maíz y Trigo, _c1998. |
||
| 300 |
_a29 p. : _bgráfs. ; tablas |
||
| 410 | 2 | 1 | _aCIMMYT |
| 490 | 0 |
_aEconomics. Working paper _v; 98-03 |
|
| 590 |
_aBATCH-UPD _b10 _c20130109 _lUCH01 _h2333 |
||
| 590 |
_aBATCH-UPD _b10 _c20130110 _lUCH01 _h0709 |
||
| 590 |
_aBATCH-UPD _b10 _c20130410 _lUCH01 _h0355 |
||
| 590 |
_aBATCH-UPD _b10 _c20130914 _lUCH01 _h1732 |
||
| 590 |
_aCONVERSION _b10 _c20130109 _lUCH01 _h1344 |
||
| 650 | 1 | 4 |
_aRecursos genéticos. _995078 |
| 650 | 1 | 4 |
_aTrigo _xGermoplasma. _9115033 |
| 700 | 0 |
_aSkovmand, Bent. _9106841 |
|
| 700 | 0 |
_aSmale, Melinda. _9106903 |
|
| 810 | 2 | 1 |
_aCIMMYT _923309 |
| 830 | 0 |
_aEconomics. Working paper _v; 98-03 _935222 |
|
| 901 | _aBK | ||
| 905 | _aAlejandra Carrasco M. | ||
| 942 | _cFOLL | ||
| 949 |
_aFolleto 15394 _bBC _cFOLL _d897761 _eTS1 _i89776 _sb |
||
| 999 |
_c78547 _d78547 |
||